| 000 | 00774nam a2200241Ia 4500 | ||
|---|---|---|---|
| 003 | GCL | ||
| 008 | 140319s9999 xx 000 0 ara d | ||
| 040 |
_aGCL / _cGCL |
||
| 082 | 0 | 4 |
_a953.0716 _bس ف |
| 100 | 1 | _aالسيد عبدالعزيز سالم | |
| 245 | 1 | 0 |
_aفى تاريخ وحضارة الاسلام فى الاندلس / _cالسيد عبدالعزيز سالم |
| 260 |
_a[S.N] : _bمؤسسة شباب الجامعة ، _c1985 |
||
| 300 | _a0 | ||
| 490 | _a | ||
| 650 | 0 | 4 | _aالاندلس |
| 650 | 0 | 4 | _aالتاريخ الاسلامى |
| 650 | 0 | 4 | _aالمرابطون |
| 650 | 0 | 4 | _aالموحدون |
| 650 | 0 | 4 | _aغرناطة |
| 650 | 0 | 4 | _aفتح الاندلس |
| 650 | 0 | 4 | _aالاثار الاسلامية فى الاندلس |
| 942 |
_2ddc _cBK |
||
| 999 |
_c58962 _d58962 |
||